000 00612cam a2200181 4500500
005 20260405004102.0
041 _afre
042 _adc
100 1 0 _aLarmagnac-Matheron, Octave
_eauthor
245 0 0 _aLa sylvothérapie, l’art du zen sous les branches
260 _c2022.
500 _a67
690 _aArbre
690 _aVégétal
690 _aVivant
786 0 _nPhilosophie magazine - Hors séries | Hors-série - Pritemps-été 2022 | HS53 | 2022-04-01 | p. 20-20 | 2104-9246
856 4 1 _uhttps://shs.cairn.info/magazine-philosophie-magazine-2022-3-6-page-20?lang=fr&redirect-ssocas=7080
999 _c2073577
_d2073577